Смерть как социокультурный феномен (Запис № 322434)

МАРК-запис
000 -LEADER
fixed length control field 00716nam a22002537a 4500
001 - CONTROL NUMBER
control field 36186
003 - CONTROL NUMBER IDENTIFIER
control field UA-OsUOA
005 - DATE AND TIME OF LATEST TRANSACTION
control field 20210109150406.0
007 - PHYSICAL DESCRIPTION FIXED FIELD--GENERAL INFORMATION
fixed length control field ta
008 - FIXED-LENGTH DATA ELEMENTS--GENERAL INFORMATION
fixed length control field 20060119b un ||||| |||| 00| 0 ukr d
020 ## - INTERNATIONAL STANDARD BOOK NUMBER
International Standard Book Number 966-521-138-2
040 ## - CATALOGING SOURCE
Original cataloging agency UA-OsUOA
Language of cataloging rus
Transcribing agency UA-OsUOA
Modifying agency UA-OsUOA
041 ## - LANGUAGE CODE
Language code of text/sound track or separate title rus
080 ## - UNIVERSAL DECIMAL CLASSIFICATION NUMBER
Universal Decimal Classification number 128:393
090 ## - LOCALLY ASSIGNED LC-TYPE CALL NUMBER (OCLC); LOCAL CALL NUMBER (OCLC)
Classification number (OCLC) (R) ; Classification number, CALL (RLIN) (NR) 128:393
Local cutter number (OCLC) ; Book number/undivided call number, CALL (RLIN) Ш47
100 ## - MAIN ENTRY--PERSONAL NAME
Personal name Шенкао М. А.
245 ## - TITLE STATEMENT
Title Смерть как социокультурный феномен
260 ## - PUBLICATION, DISTRIBUTION, ETC. (IMPRINT)
Place of publication, distribution, etc К.
Name of publisher, distributor, etc Ника-Центр
Date of publication, distribution, etc 2003
300 ## - PHYSICAL DESCRIPTION
Extent 320 с.
650 #7 - SUBJECT ADDED ENTRY--TOPICAL TERM
Topical term or geographic name as entry element 1 Філософські науки
Source of heading or term UDC
942 ## - ADDED ENTRY ELEMENTS (KOHA)
Koha item type Книги
Source of classification or shelving scheme Universal Decimal Classification
955 ## - COPY-LEVEL INFORMATION (RLIN)
Classification number, CCAL (RLIN) Навчальні видання
Фонди
Withdrawn status Lost status Source of classification or shelving scheme Damaged status Not for loan Home library Current library Date acquired Source of acquisition Cost, normal purchase price Inventory number Total Checkouts Full call number Barcode Date last seen Price effective from Koha item type
    Universal Decimal Classification     ЧЗ - Читальна зала ЧЗ - Читальна зала 19/01/2006 4/2006 15.00 89877   128:393 Ш47 89877 09/02/2022 19/01/2006 Книги
    Universal Decimal Classification     ЧЗ - Читальна зала ЧЗ - Читальна зала 17/03/2006 22/2006 15.00 95487   128:393 Ш47 95487 09/02/2022 19/01/2006 Книги
    Universal Decimal Classification     ЧЗ - Читальна зала ЧЗ - Читальна зала 17/03/2006 22/2006 15.00 95488   128:393 Ш47 95488 09/02/2022 19/01/2006 Книги
    Universal Decimal Classification     ЧЗ - Читальна зала ЧЗ - Читальна зала 26/04/2011 54/2011 13.00 132198   128:393 Ш47 132198 09/02/2022 26/04/2011 Книги